[Event "Landsturneringen 2015"]
[Site "Oppsal arena, Oslo"]
[Date "2015.07.26"]
[Round "9"]
[White "Østenstad, Berge"]
[Black "Gausel, Einar J"]
[Result "1-0"]
[WhiteElo "2456"]
[BlackElo "2485"]
[PlyCount "127"]
[EventDate "2015.??.??"]
[WhiteClock "0:05:44"]
[BlackClock "0:10:07"]

1. d4 d5 2. c4 e6 3. Nf3 Nf6 4. Bg5 h6 5. Bxf6 Qxf6 6. Nc3 c6 7. e3 Nd7 8. Bd3
dxc4 9. Bxc4 g6 10. O-O Bg7 11. Rc1 O-O 12. e4 Rd8 13. e5 Qe7 14. Re1 b5 15.
Bd3 Bb7 16. Ne4 c5 17. Nxc5 Nxc5 18. dxc5 Qd7 19. Be2 Qc6 20. Qb3 a6 21. Bd3
Rd4 22. Bf1 Rd5 23. Qe3 Rad8 24. b4 Ba8 25. h3 Bb7 26. Qb3 Qd7 27. Qc2 Bc6 28.
a4 Qb7 29. axb5 axb5 30. Ra1 R5d7 31. Ra3 Qc7 32. Qc1 Kh7 33. Qe3 Bxf3 34. Qxf3
Bxe5 35. Bxb5 Rd4 36. Rb3 Rf4 37. Qc6 Qb8 38. g3 Rf6 39. Kg2 Bd4 40. Re2 Rd5
41. Rd3 Kg7 42. Bc4 Rd8 43. Qe4 e5 44. Rb3 Qc7 45. Ra2 Rb8 46. Bd5 h5 47. h4
Rf5 48. Qd3 Rf6 49. Qc4 Rc8 50. Rf3 Rxf3 51. Bxf3 Qe7 52. Ra6 Rc7 53. Be4 Qd8
54. Qd5 Rd7 55. Qc6 Rc7 56. Ra8 Qe7 57. Re8 Rxc6 58. Rxe7 Rf6 59. f3 Ra6 60.
Bd5 Ra1 61. Rxf7+ Kh6 62. c6 Rg1+ 63. Kh2 Rc1 64. Be4 
1-0

[Event "Landsturneringen 2015"]
[Site "Oppsal arena, Oslo"]
[Date "2015.07.26"]
[Round "9"]
[White "Djurhuus, Rune"]
[Black "Elsness, Frode"]
[Result "0-1"]
[WhiteElo "2422"]
[BlackElo "2434"]
[PlyCount "64"]
[EventDate "2015.??.??"]
[WhiteClock "0:25:50"]
[BlackClock "0:07:51"]

1. e4 c5 2. Nf3 e6 3. g3 Nc6 4. Bg2 Nf6 5. Qe2 e5 6. O-O Be7 7. c3 O-O 8. d4
cxd4 9. cxd4 exd4 10. Rd1 Bc5 11. b4 d3 12. Qxd3 Nxb4 13. Qc4 Qb6 14. Bb2 Bxf2+
15. Kh1 d5 16. exd5 Nbxd5 17. Rd2 Be6 18. Qe2 Be3 19. Rd3 Ng4 20. Rb3 Nb4 21.
h3 Nf2+ 22. Kh2 Bxb3 23. axb3 Rfe8 24. Ne5 Bd4 25. Bxd4 Qxd4 26. Ra5 Nfd3 27.
Qg4 Qxg4 28. Nxg4 Rac8 29. Na3 Rc5 30. Rxa7 h5 31. Nh6+ gxh6 32. Rxb7 Re2 
0-1

[Event "Landsturneringen 2015"]
[Site "Oppsal arena, Oslo"]
[Date "2015.07.26"]
[Round "9"]
[White "Urkedal, Frode Olav Olsen"]
[Black "Mikalsen, Erlend"]
[Result "1-0"]
[WhiteElo "2512"]
[BlackElo "2334"]
[PlyCount "75"]
[EventDate "2015.??.??"]
[WhiteClock "0:25:10"]
[BlackClock "0:51:18"]

1. d4 Nf6 2. c4 e6 3. Nc3 Bb4 4. Qc2 O-O 5. Nf3 d6 6. Bd2 Nbd7 7. a3 Bxc3 8.
Bxc3 Qe7 9. e3 e5 10. Be2 e4 11. Nd2 Re8 12. g4 Nf8 13. g5 N6d7 14. h4 c6 15.
O-O-O d5 16. Rdg1 f5 17. Bh5 Rd8 18. cxd5 cxd5 19. Bb4 Qe6 20. Qc7 a5 21. Bxa5
b6 22. Qxd8 Bb7 23. Qxa8 Bxa8 24. Bc3 Qc6 25. Be2 f4 26. Bg4 f3 27. Kb1 Bb7 28.
Rc1 Ba6 29. Bb4 Qb5 30. Bh3 Nb8 31. Ka1 Qe8 32. Rc7 Nc6 33. Bxf8 Kxf8 34. Rc1
Ne7 35. Ra7 Bb5 36. Rcc7 Nc6 37. Bd7 Qb8 38. Rab7 
1-0

[Event "Landsturneringen 2015"]
[Site "Oppsal arena, Oslo"]
[Date "2015.07.26"]
[Round "9"]
[White "Fossan, Petter"]
[Black "Getz, Nicolai"]
[Result "0-1"]
[WhiteElo "2308"]
[BlackElo "2386"]
[PlyCount "166"]
[EventDate "2015.??.??"]
[WhiteClock "0:00:32"]
[BlackClock "0:02:18"]

1. e4 e5 2. Nf3 Nc6 3. Bc4 Bc5 4. c3 Nf6 5. d3 O-O 6. O-O d5 7. exd5 Nxd5 8. b4
Be7 9. b5 Na5 10. Bxd5 Qxd5 11. c4 Qd7 12. Bd2 e4 13. Bxa5 exf3 14. Qxf3 a6 15.
b6 Qd4 16. Nc3 c6 17. Ne4 f5 18. Bc3 Qxb6 19. Qg3 Rf7 20. Nd6 f4 21. Nxc8 Rxc8
22. Qg4 Rd8 23. Rab1 Qc7 24. Qe6 Rxd3 25. Rfd1 Rxc3 26. Rd7 Qc8 27. h3 b5 28.
cxb5 cxb5 29. Rxe7 Qxe6 30. Rxe6 Rf6 31. Rxf6 gxf6 32. a4 Rc5 33. axb5 axb5 34.
Kf1 Kf7 35. Ke2 Ke6 36. Kf3 Ke5 37. Rb4 f5 38. h4 Rd5 39. h5 h6 40. Rb1 Rc5 41.
Rb4 Kf6 42. Rd4 Rc4 43. Rd8 Kg5 44. Rb8 Rc3+ 45. Ke2 Rb3 46. Rf8 Kg4 47. Rf6
Rb2+ 48. Kf1 Kg5 49. Rf8 b4 50. Kg1 b3 51. Rb8 Kxh5 52. Rb6 Kg5 53. f3 h5 54.
Kh2 Rb1 55. Rb4 b2 56. Rb8 Kf6 57. Rb5 Ke6 58. Rb8 Kd5 59. Rb7 Kd4 60. Rb8 Ke3
61. Rb7 h4 62. Rb6 Kf2 63. Rb3 Ke2 64. Rb4 Kf2 65. Rb3 h3 66. gxh3 Re1 67.
Rxb2+ Kxf3 68. Rb5 Re2+ 69. Kg1 Kg3 70. Kf1 Rf2+ 71. Ke1 Kg2 72. Rxf5 Rf1+ 73.
Kd2 f3 74. Rg5+ Kf2 75. h4 Rh1 76. h5 Rh4 77. Kd3 Kf1 78. Ke3 f2 79. Kf3 Rh3+
80. Kg4 Kg2 81. Rf5 Rg3+ 82. Kh4 Rf3 83. Rxf3 Kxf3 
0-1

[Event "Landsturneringen 2015"]
[Site "Oppsal arena, Oslo"]
[Date "2015.07.26"]
[Round "9"]
[White "Sagafos, Magne"]
[Black "Hole, Øystein"]
[Result "1/2-1/2"]
[WhiteElo "2409"]
[BlackElo "2348"]
[PlyCount "25"]
[EventDate "2015.??.??"]
[WhiteClock "1:27:21"]
[BlackClock "1:21:35"]

1. c4 c6 2. d4 d5 3. Nf3 Nf6 4. e3 Bf5 5. Nc3 e6 6. Nh4 Bg6 7. Qb3 Qc7 8. Nxg6
hxg6 9. g3 Be7 10. Bg2 Nbd7 11. O-O O-O 12. cxd5 exd5 13. f3 
1/2-1/2

[Event "Landsturneringen 2015"]
[Site "Oppsal arena, Oslo"]
[Date "2015.07.26"]
[Round "9"]
[White "Moen, Andreas G.R."]
[Black "Stubberud, Ørnulf"]
[Result "0-1"]
[WhiteElo "2361"]
[BlackElo "2306"]
[PlyCount "54"]
[EventDate "2015.??.??"]
[WhiteClock "0:05:35"]
[BlackClock "0:00:36"]

1. e4 d6 2. d4 Nf6 3. Nc3 g6 4. Nf3 Bg7 5. Be2 O-O 6. O-O c6 7. h3 Qc7 8. Re1
Nbd7 9. a4 e5 10. dxe5 dxe5 11. Bc4 Nc5 12. Ng5 h6 13. Be3 Qe7 14. Nf3 Ncxe4
15. Nxe4 Nxe4 16. Bxh6 Nxf2 17. Qd2 Nxh3+ 18. Kh2 Qf6 19. Nxe5 Nf2 20. Nxf7
Bxh6 21. Nxh6+ Kg7 22. Kg3 Nh1+ 23. Rxh1 Qe5+ 24. Kh4 Qh5+ 25. Kg3 Qe5+ 26. Kh4
Rf4+ 27. g4 g5+ 
0-1

[Event "Landsturneringen 2015"]
[Site "Oppsal arena, Oslo"]
[Date "2015.07.26"]
[Round "9"]
[White "Djurhuus, Eivind X"]
[Black "Fossan, Erik"]
[Result "0-1"]
[WhiteElo "2149"]
[BlackElo "2356"]
[PlyCount "77"]
[EventDate "2015.??.??"]
[WhiteClock "0:02:56"]
[BlackClock "0:07:59"]

1. e4 d5 2. exd5 Nf6 3. d4 Bg4 4. Nf3 Qxd5 5. Be2 Nc6 6. h3 Bxf3 7. Bxf3 Qd6 8.
c3 e5 9. O-O O-O-O 10. Qb3 exd4 11. cxd4 Qe6 12. Qxe6+ fxe6 13. Bxc6 bxc6 14.
Nc3 Rxd4 15. Be3 Rb4 16. b3 Nd5 17. Nxd5 exd5 18. Rac1 Kb7 19. Rfe1 Re4 20. f3
Re8 21. Bd4 Ba3 22. Rcd1 Rxe1+ 23. Rxe1 Rg8 24. Kf2 Bd6 25. Re6 Kc8 26. Re2 c5
27. Bb2 Kd7 28. h4 g6 29. Rd2 Kc6 30. Re2 Rb8 31. g4 a5 32. Be5 Re8 33. f4 d4
34. Kf3 Kd5 35. Bxd6 Rxe2 36. Kxe2 cxd6 37. Kf3 Ke6 38. Ke4 d5+ 39. Kd3 {Ke5
Kxd4+} 
0-1

[Event "Landsturneringen 2015"]
[Site "Oppsal arena, Oslo"]
[Date "2015.07.11"]
[Round "9"]
[White "Røyset, Pål"]
[Black "Nilsen, Joachim B."]
[Result "0-1"]
[WhiteElo "2236"]
[BlackElo "2369"]
[PlyCount "44"]

1. e4 c5 2. Nc3 g6 3. d4 Bg7 4. dxc5 Qa5 5. Bd2 Qxc5 6. Nd5 Na6 7. Nf3 e6 8. b4
Qf8 9. Bxa6 exd5 10. exd5 bxa6 11. O-O Qd6 12. Re1+ Ne7 13. c4 O-O 14. Bg5 f6
15. Bd2 Nf5 16. Qb3 Bb7 17. Re4 Rfe8 18. Rae1 Rxe4 19. Rxe4 Qf8 20. c5 Qf7 21.
Qd3 Qxd5 22. Qe2 Qxe4 
0-1

[Event "Landsturneringen 2015"]
[Site "Oppsal arena, Oslo"]
[Date "2015.07.04"]
[Round "9"]
[White "Grønn, Atle"]
[Black "Skrondal, Inge Sandstad"]
[Result "1-0"]
[WhiteElo "2341"]
[BlackElo "2271"]
[PlyCount "43"]

1. Nf3 d5 2. g3 Nf6 3. Bg2 c5 4. O-O Nc6 5. d4 e6 6. b3 Bd7 7. Bb2 Rc8 8. e3 b5
9. Ne5 Be7 10. Nxd7 Qxd7 11. dxc5 Bxc5 12. Nd2 O-O 13. c4 bxc4 14. bxc4 Be7 15.
cxd5 exd5 16. Rc1 Na5 17. Bc3 Qb5 18. Rb1 Qa6 19. Bxf6 Bxf6 20. Bxd5 Qd3 21.
Ne4 Qxd1 22. Nxf6+ 
1-0